[Event "GER-ch Seniors"]
[Site "Dresden"]
[Date "2012.08.17"]
[Round "9"]
[White "Sonnhoff, Werner"]
[Black "Busler, J."]
[Result "0-1"]
[WhiteElo "1962"]
[BlackElo "2030"]
[PlyCount "35"]
[EventDate "2012.08.09"]
[EventType "swiss"]
[EventRounds "9"]
[EventCountry "GER"]
[SourceTitle "EXT 2014"]
[Source "ChessBase"]
[SourceDate "2013.11.20"]
[SourceVersion "1"]
[SourceVersionDate "2013.11.20"]
[SourceQuality "1"]

1. c4 c5 2. g3 Nf6 3. Bg2 Nc6 4. Nc3 d6 5. Nf3 Bf5 6. d4 cxd4 7. Nxd4 Bd7 8. 0-0 g6 9. h3 Bg7 10. Be3 0-0 11. Qd2 Nxd4 12. Bxd4 Qc8 13. Bxf6 Bxf6 14. Nd5 Bxh3 15. Nxf6+ exf6 16. Bxh3 Qxh3 17. Qxd6 Rfe8 18. e3 0-1

[Event "GER-ch Seniors"]
[Site "Dresden"]
[Date "2012.08.10"]
[Round "2"]
[White "Goldberg, Valerij"]
[Black "Busler, J."]
[Result "1-0"]
[WhiteElo "2143"]
[BlackElo "2030"]
[PlyCount "61"]
[EventDate "2012.08.09"]
[EventType "swiss"]
[EventRounds "9"]
[EventCountry "GER"]
[SourceTitle "EXT 2014"]
[Source "ChessBase"]
[SourceDate "2013.11.20"]
[SourceVersion "1"]
[SourceVersionDate "2013.11.20"]
[SourceQuality "1"]

1. e4 e5 2. Nf3 Nc6 3. Bc4 Bc5 4. c3 Nf6 5. d4 exd4 6. e5 Ng8 7. b4 Be7 8. Qb3 d6 9. Bxf7+ Kf8 10. cxd4 dxe5 11. 0-0 Nxd4 12. Nxd4 Qxd4 13. Bxg8 Rxg8 14. a3 Qg4 15. Bb2 Bf6 16. Qe3 Qe6 17. Nd2 Kf7 18. Nf3 Re8 19. Rfe1 e4 20. Ng5+ Bxg5 21. Qxg5 Qg6 22. Qf4+ Kg8 23. Qxc7 Bh3 24. Qc4+ Kh8 25. Qf1 Rac8 26. Re3 Bg4 27. Rg3 Rc2 28. Ra2 Qe6 29. Bxg7+ Kxg7 30. Rxc2 Kf8 31. Qa1 1-0

[Event "GER-ch Seniors"]
[Site "Dresden"]
[Date "2012.08.09"]
[Round "1"]
[White "Busler, J."]
[Black "Weidlich, Guenter"]
[Result "0-1"]
[WhiteElo "2030"]
[BlackElo "2227"]
[PlyCount "82"]
[EventDate "2012.08.09"]
[EventType "swiss"]
[EventRounds "9"]
[EventCountry "GER"]
[SourceTitle "EXT 2014"]
[Source "ChessBase"]
[SourceDate "2013.11.20"]
[SourceVersion "1"]
[SourceVersionDate "2013.11.20"]
[SourceQuality "1"]

1. d4 g6 2. c4 Bg7 3. Nc3 d6 4. e4 Nc6 5. Be3 e5 6. dxe5 dxe5 7. Qxd8+ Nxd8 8. Bd3 c6 9. Nge2 Nf6 10. Bc5 Ne6 11. Ba3 Bf8 12. Bxf8 Rxf8 13. Rd1 a5 14. b3 Nc5 15. Bc2 Be6 16. f3 Ke7 17. Nc1 Rfd8 18. Ke2 Rxd1 19. Rxd1 Rd8 20. Rxd8 Kxd8 21. Nd3 Nfd7 22. Nxc5 Nxc5 23. Nd1 Kc7 24. Nb2 Kd6 25. Nd3 b5 26. cxb5 cxb5 27. Kd2 f5 28. Nxc5 Kxc5 29. Kc3 f4 30. a3 b4+ 31. axb4+ axb4+ 32. Kd2 g5 33. h3 Kd4 34. Bd1 h5 35. Bc2 g4 36. fxg4 hxg4 37. h4 Bf7 38. Bd1 Bh5 39. Bc2 g3 40. Bd1 Bxd1 41. Kxd1 Kxe4 0-1